00954nam a22002657a 4500003000500000005001700005008004100022010001000063011001000073020001500083035001100098040000900109100002700118245022100145260003100366300002900397490004000426650003800466650001300504650002300517700003500540700002400575710004900599830004000648CHAP20220817044233.0081119s2004 mx a r 00010 spa d a95406 a96378 a9688385913 a107030 cCHAP1 aLópez Calva, Luis F.10aCada quien habla de la feria :bcaracterísticas socioeconómicas de los hogares y percepciones sobre la pobreza y la política socialc/por Luis F. López Calva, Lourdes Rodríguez Chamussy y Francisco Trujillo aMéxico :bSEDESOL,c2004 a55 p. :bcuadros, tablas 0aDocumentos de investigaciónv; 1614aEconomía domésticazMéxico.14aPobreza.14aPolítica social.1 aRodríguez Chamussy, Lourdes.1 aTrujillo, Francisco0 aMéxico. Secretaría de Desarrollo Social.0 aDocumentos de investigaciónv; 16